<?xml version="1.0" encoding="UTF-8"?><?xml-stylesheet type="text/xsl" href="static/style.xsl"?><OAI-PMH xmlns="http://www.openarchives.org/OAI/2.0/" xmlns:xsi="http://www.w3.org/2001/XMLSchema-instance" xsi:schemaLocation="http://www.openarchives.org/OAI/2.0/ http://www.openarchives.org/OAI/2.0/OAI-PMH.xsd"><responseDate>2026-04-27T14:05:49Z</responseDate><request verb="GetRecord" identifier="oai:riubu.ubu.es:10259/220" metadataPrefix="marc">https://riubu.ubu.es/oai/request</request><GetRecord><record><header><identifier>oai:riubu.ubu.es:10259/220</identifier><datestamp>2022-04-26T11:42:10Z</datestamp><setSpec>com_10259_2699</setSpec><setSpec>col_10259_2703</setSpec></header><metadata><record xmlns="http://www.loc.gov/MARC21/slim" xmlns:doc="http://www.lyncode.com/xoai" xmlns:xsi="http://www.w3.org/2001/XMLSchema-instance" xmlns:dcterms="http://purl.org/dc/terms/" xsi:schemaLocation="http://www.loc.gov/MARC21/slim http://www.loc.gov/standards/marcxml/schema/MARC21slim.xsd">
<leader>00925njm 22002777a 4500</leader>
<datafield tag="042" ind1=" " ind2=" ">
<subfield code="a">dc</subfield>
</datafield>
<datafield tag="720" ind1=" " ind2=" ">
<subfield code="a">Ruiz Palomo, Mª Esther</subfield>
<subfield code="e">author</subfield>
</datafield>
<datafield tag="260" ind1=" " ind2=" ">
<subfield code="c">2008</subfield>
</datafield>
<datafield tag="520" ind1=" " ind2=" ">
<subfield code="a">El objetivo del trabajo es comprobar que por medio de la aplicación de un&#xd;
programa de música diseñado para ser utilizado como intervención indirecta, es&#xd;
posible mejorar las bases funcionales del lenguaje oral cuya disfunción es&#xd;
causa de dislalias y disfonías.&#xd;
Se presentan dos campos de conocimiento: Logopedia y Música, unidos por un&#xd;
hilo común: la educación, y desarrollados en un mismo contexto: el centro&#xd;
escolar, destacando fundamentalmente dos ideas: a) La importancia que la&#xd;
Logopedia ha adquirido en el marco escolar. b) La relación que existe entre la&#xd;
Logopedia y la Música.&#xd;
El estudio se ha llevado a cabo mediante un diseño cuasi-experimental, con&#xd;
pretest-postest y grupo de control. El muestreo se ha realizado en un Centro&#xd;
Público de Burgos. Los resultados obtenidos muestran diferencias significativas&#xd;
en la práctica totalidad de ítems que componen las variables medidas, por lo&#xd;
que se considera que queda probada la hipótesis de partida</subfield>
</datafield>
<datafield tag="024" ind2=" " ind1="8">
<subfield code="a">http://hdl.handle.net/10259/220</subfield>
</datafield>
<datafield tag="024" ind2=" " ind1="8">
<subfield code="a">10.36443/10259/220</subfield>
</datafield>
<datafield ind1=" " ind2=" " tag="653">
<subfield code="a">logopedia</subfield>
</datafield>
<datafield ind1=" " ind2=" " tag="653">
<subfield code="a">música</subfield>
</datafield>
<datafield ind1=" " ind2=" " tag="653">
<subfield code="a">intervención</subfield>
</datafield>
<datafield ind1=" " ind2=" " tag="653">
<subfield code="a">rehabilitación</subfield>
</datafield>
<datafield ind1=" " ind2=" " tag="653">
<subfield code="a">lenguaje oral</subfield>
</datafield>
<datafield ind1=" " ind2=" " tag="653">
<subfield code="a">speech therapy</subfield>
</datafield>
<datafield ind1=" " ind2=" " tag="653">
<subfield code="a">music</subfield>
</datafield>
<datafield ind1=" " ind2=" " tag="653">
<subfield code="a">intervention</subfield>
</datafield>
<datafield ind1=" " ind2=" " tag="653">
<subfield code="a">rehabilitation</subfield>
</datafield>
<datafield ind1=" " ind2=" " tag="653">
<subfield code="a">Oral language</subfield>
</datafield>
<datafield tag="245" ind1="0" ind2="0">
<subfield code="a">Diseño, aplicación y evaluación de un programa de música para la rehabilitación de dislalias y disfonías</subfield>
</datafield>
</record></metadata></record></GetRecord></OAI-PMH>